000 00477nam a2200181Ia 4500
003 GCL
008 140319s9999 xx 000 0 ara d
040 _aGCL /
_cGCL
082 0 4 _a813.083
_bم ف
100 1 _aمحمد عفيفى
245 1 0 _aفنطازيا تاريخية /
_cمحمد عفيفى
300 _a118 ص
490 _a
650 0 4 _aالادب العربى
650 0 4 _aالقصة العربية
650 0 4 _aالقصة القصيرة
942 _2ddc
_cBK
999 _c38463
_d38463